Introduction to Accountancy (Record no. 4539)

MARC details
000 -LEADER
fixed length control field 00322nam a2200133Ia 4500
008 - FIXED-LENGTH DATA ELEMENTS--GENERAL INFORMATION
fixed length control field 191201s2010 xx 000 0 und d
100 ## - MAIN ENTRY--PERSONAL NAME
Personal name MAHESHWARI,S.N
245 #0 - TITLE STATEMENT
Title Introduction to Accountancy
250 ## - EDITION STATEMENT
Edition statement Rep
260 ## - PUBLICATION, DISTRIBUTION, ETC. (IMPRINT)
Place of publication, distribution, etc N. Delhi
Name of publisher, distributor, etc Vikas Publication House
Date of publication, distribution, etc 2010
300 ## - PHYSICAL DESCRIPTION
Extent MISC
650 ## - SUBJECT ADDED ENTRY--TOPICAL TERM
Topical term or geographic name as entry element BBA
942 ## - ADDED ENTRY ELEMENTS (KOHA)
Source of classification or shelving scheme Dewey Decimal Classification
Koha item type Text Books
Holdings
Withdrawn status Lost status Source of classification or shelving scheme Damaged status Not for loan Collection code Home library Current library Date acquired Source of acquisition Cost, normal purchase price Bill Number Total Checkouts Full call number Acc. no. / Barcode Date last seen Date last borrowed Bill Date Koha item type Checked out
    Dewey Decimal Classification     BBA PIET C-LIBRARY PIET C-LIBRARY 23/06/2010 The book company 495.00 IN-1486 4 657 MAA 15535 12/10/2022 29/09/2022 07/06/2010 Text Books  
    Dewey Decimal Classification     BBA PIET C-LIBRARY PIET C-LIBRARY 23/06/2010 The book company 495.00 IN-1486 1   15536 27/01/2021 27/01/2021 07/06/2010 Text Books 26/07/2021
    Dewey Decimal Classification     BBA PIET C-LIBRARY PIET C-LIBRARY 23/06/2010 The book company 495.00 IN-1486   657 MAA 15537 04/12/2019   07/06/2010 Text Books  
    Dewey Decimal Classification     BBA PIET C-LIBRARY PIET C-LIBRARY 23/06/2010 The book company 495.00 IN-1486 3 657 MAA 15538 09/07/2022 30/06/2022 07/06/2010 Text Books  
    Dewey Decimal Classification     BBA PIET C-LIBRARY PIET C-LIBRARY 23/06/2010 The book company 495.00 IN-1486   657 MAI 15539 04/12/2019   07/06/2010 Text Books  
    Dewey Decimal Classification     BBA PIET C-LIBRARY PIET C-LIBRARY 23/06/2010 The book company 495.00 IN-1486 3 657 MAA 15540 20/12/2022 05/12/2022 07/06/2010 Text Books  

Design & Developed by: PIET Central Library
R70 Miles Stone Pattikalyana Samalkha Panipat 132102
mail ID :- [email protected], Phone No:- 0180-2569700 Ex.216